Information resource sharing and networking (Record no. 150860)

MARC details
000 -LEADER
fixed length control field 00846nam a2200229 a 4500
008 - FIXED-LENGTH DATA ELEMENTS--GENERAL INFORMATION
fixed length control field
049 ## - LOCAL HOLDINGS (OCLC)
Holding library MAIN
090 ## - LOCALLY ASSIGNED LC-TYPE CALL NUMBER (OCLC); LOCAL CALL NUMBER (RLIN)
Classification number (OCLC) (R) ; Classification number, CALL (RLIN) (NR) Z764.7
Local cutter number (OCLC) ; Book number/undivided call number, CALL (RLIN) INF
003 - CONTROL NUMBER IDENTIFIER
control field
005 - DATE AND TIME OF LATEST TRANSACTION
control field 20230123133552.0
040 ## - CATALOGING SOURCE
Transcribing agency NUST
245 #0 - TITLE STATEMENT
Title Information resource sharing and networking
Remainder of title (1990-1992 :
Statement of responsibility, etc. Arusha and Mombasa) /
-- edited by Augustes Musana.
260 ## - PUBLICATION, DISTRIBUTION, ETC.
Place of publication, distribution, etc. Bonn :
Name of publisher, distributor, etc. Zentralstelle fur Erziehung, Wissenschaft Dokumentation,
Date of publication, distribution, etc. 1991.
300 ## - PHYSICAL DESCRIPTION
Extent 91 p. :ill.,
Dimensions 21 cm.
500 ## - GENERAL NOTE
General note Report on two training courses held in Arusha 22 Oct. -2 Nov. 1990, Mombasa 15 - 26 April 1991.
650 ## - SUBJECT ADDED ENTRY--TOPICAL TERM
Topical term or geographic name entry element Library cooperation.
650 ## - SUBJECT ADDED ENTRY--TOPICAL TERM
Topical term or geographic name entry element Information networks.
700 ## - ADDED ENTRY--PERSONAL NAME
Personal name Musana, Augustes
711 ## - ADDED ENTRY--MEETING NAME
Meeting name or jurisdiction name as entry element Eastern and Southern African Management Institute.
907 ## - LOCAL DATA ELEMENT G, LDG (RLIN)
a .b10104732
b 04-06-15
c 18-12-03
942 ## - ADDED ENTRY ELEMENTS (KOHA)
Koha item type Ordinary Loan Books
Call number prefix Z764.7
Call number suffix INF
Holdings
Date last seen Total Checkouts Full call number Barcode Cost, replacement price Price effective from Koha item type Lost status Source of classification or shelving scheme Damaged status Not for loan Collection Withdrawn status Home library Current library Shelving location Date acquired Cost, normal purchase price
01/23/2023 12 Z764.7 INF 92003020445 80.00 01/23/2023 BOOKS   LCC     NFIC   MAIN MAIN GEN 01/23/2023 80.00